Great expectations [

Bibliographic Details
Main Author: Dickens, Charles
Format: Book
Published: London : BBC Video , 199-
Subjects:

MARC

LEADER 00000cam a2200000 7i4500
001 0000001967
002 000002137
005 20000330.0
020 |a 000002137 
090 0 0 |a F   |b DIC 
100 1 |a Dickens, Charles 
245 1 0 |a Great expectations [  |h videorecording]   |c Charles Dickens 
260 |a London :   |b BBC Video ,   |c 199- 
300 |a 2 videocassette VHS (4 hrs 58 min.) :   |b Col.(PAL) 
650 0 0 |a Great expectations   |x Drama 
999 |a 00059   |b VIDEO   |c KOLEKSI AUDIO VIDEO   |e PERPUSTAKAAN KOMUNITI PETALING JAYA